000 00528nam a22001817a 4500
999 _c19536
_d19536
003 AR-CdUCM
008 190517b ||||| |||| 00| 0 spa d
040 _aMUNICIPALIDAD PROVINCIAL DEL CUSCO
_cBIBLIOTECA MUNICIPAL DEL CUSCO
082 _a610.970 /
_bP26
100 _aPardal, Ramon
_940925
245 _aMedicina aborigen americana
260 _aBuenos Aires :
_bJose Anesi,
300 _a377 paginas ;
_c20 cm.
650 _aMedicina
_93637
650 _aCultura
_9126
942 _2ddc
_cLIBROS
945 _arjall
_d2019-05-17